|
|
|
|
| LEADER |
00000ny a22000003n 4500 |
| 005 |
20110608105318.0 |
| 008 |
080613s2007 sp s 000 0 spa c |
| 020 |
|
|
|a 8476987935
|
| 035 |
|
|
|a 2037
|
| 040 |
|
|
|a UMA.RE
|d vLex
|
| 080 |
|
|
|a 341.123.043:623.454.8(0.034)
|
| 080 |
|
|
|a 623.454.8:341.123.043(0.034)
|
| 090 |
|
|
|c 568
|d 568
|
| 100 |
|
|
|a ℓlvarez Verdugo, Milagros
|
| 245 |
1 |
0 |
|a Incidencia del Consejo de Seguridad sobre el rǧimen jurd̕ico de las armas nucleares
|h [Recurso electrn̤ico]
|c Milagros ℓlvarez Verdugo
|
| 256 |
|
|
|a Servicio en ln̕ea
|
| 260 |
|
|
|a Barcelona :
|b Bosch,
|c 2007
|
| 506 |
1 |
|
|a Contenido solo disponible en los productos indicados
|d vLex Global
|d vLex Global (Academic Edition, excluding Law Schools)
|d vLex Global (U.S. Academic Edition, Law Schools)
|d vLex Global (U.S. Academic Edition, excluding Law Schools)
|d vLex Global (Academic Edition, Law Schools)
|
| 650 |
0 |
7 |
|a Comunitario
|2 vLex
|
| 740 |
0 |
|
|a vLex Libros (Servicios en ln̕ea)
|
| 856 |
4 |
0 |
|u http://vlex.com/source/2037
|z Acceso restringido
|
| 942 |
|
|
|c BOOK
|
| 999 |
0 |
|
|a Community
|b Barcelona
|